000
003150000a22001450004500
001
006139
003
MACL
040
_a
MACL
090
_c
13311
_d
13310
245
_a
Zaccha o Baccha
_b
Korla Wale R.N.
260
_a
Shamsi Press Hyderabad,
_c
1914
350
_a
2.00
650
_a
Urdu Literature
942
_k
891
_c
Book
999
_c
13238
_d
13238